Conjoint-Analysen als rechtspsychologische Forschungsmethode: Erkenntnisse aus Studien zur frühkindlichen Kindeswohlgefährdung = Conjoint analysis as a research method in legal psychology : findings from studies on early childhood endangerment

Guardado en:  
Detalles Bibliográficos
Autores principales: Körner, André 1979- (Autor) ; Lauf, Elena (Autor) ; Arnold, Charlotte (Autor)
Tipo de documento: Print Artículo
Lenguaje:Alemán
Publicado: 2024
En: Praxis der Rechtspsychologie
Año: 2024, Volumen: 34, Número: 1, Páginas: 3-16
Verificar disponibilidad: HBZ Gateway
Palabras clave:

MARC

LEADER 00000caa a2200000 c 4500
001 1897929595
003 DE-627
005 20251008090532.0
007 tu
008 240806s2024 xx ||||| 00| ||ger c
035 |a (DE-627)1897929595 
035 |a (DE-599)KXP1897929595 
040 |a DE-627  |b ger  |c DE-627  |e rda 
041 |a ger 
084 |a 2,1  |2 ssgn 
100 1 |a Körner, André  |d 1979-  |e VerfasserIn  |0 (DE-588)1104397870  |0 (DE-627)861858697  |0 (DE-576)470969296  |4 aut 
109 |a Körner, André 1979- 
245 1 0 |a Conjoint-Analysen als rechtspsychologische Forschungsmethode  |b Erkenntnisse aus Studien zur frühkindlichen Kindeswohlgefährdung = Conjoint analysis as a research method in legal psychology : findings from studies on early childhood endangerment  |c André Körner, Elena Lauf und Charlotte Arnold 
246 3 1 |a Conjoint analysis as a research method in legal psychology  |b findings from studies on early childhood endangerment 
264 1 |c 2024 
300 |b Illustration 
336 |a Text  |b txt  |2 rdacontent 
337 |a ohne Hilfsmittel zu benutzen  |b n  |2 rdamedia 
338 |a Band  |b nc  |2 rdacarrier 
500 |a Literaturverzeichnis: Seite 14-16 
650 4 |a Conjoint-Analysen 
650 4 |a Kindeswohlgefährdung 
650 4 |a Risikobewertung 
650 4 |a Kinder- und Jugendhilfe 
650 4 |a Entscheidungsprozesse in der Rechtspsychologie 
650 4 |a conjoint analyses 
650 4 |a child maltreatment 
650 4 |a chidl adn youth welfare 
650 4 |a Risk assessment 
650 4 |a decision-making in forensic psychology 
689 0 0 |d s  |0 (DE-588)4030653-7  |0 (DE-627)106269151  |0 (DE-576)208988505  |a Kindeswohl  |2 gnd 
689 0 1 |d s  |0 (DE-588)4213629-5  |0 (DE-627)104765194  |0 (DE-576)210215704  |a Conjoint Measurement  |2 gnd 
689 0 |5 (DE-627) 
700 1 |a Lauf, Elena  |e VerfasserIn  |4 aut 
700 1 |a Arnold, Charlotte  |e VerfasserIn  |4 aut 
773 0 8 |i Enthalten in  |t Praxis der Rechtspsychologie  |d Göttingen : Hogrefe, 1993  |g 34(2024), 1 vom: Juni, Seite 3-16  |w (DE-627)171284356  |w (DE-600)1173568-5  |w (DE-576)038732971  |x 0939-9062  |7 nnas 
773 1 8 |g volume:34  |g year:2024  |g number:1  |g month:06  |g pages:3-16 
951 |a AR 
ELC |b 1 
LOK |0 000 xxxxxcx a22 zn 4500 
LOK |0 001 4621162020 
LOK |0 003 DE-627 
LOK |0 004 1897929595 
LOK |0 005 20241122133731 
LOK |0 008 241122||||||||||||||||ger||||||| 
LOK |0 040   |a DE-21-110  |c DE-627  |d DE-21-110 
LOK |0 852   |a DE-21-110 
LOK |0 852 1  |m p  |9 00 
LOK |0 938   |k p 
LOK |0 939   |a 22-11-24  |b l01 
ORI |a SA-MARC-krimdoka001.raw